The punch book of short stories / (Record no. 130086)

MARC details
000 -LEADER
fixed length control field 00580nam a22002177a 4500
005 - DATE AND TIME OF LATEST TRANSACTION
control field 20170124110107.0
010 ## - LIBRARY OF CONGRESS CONTROL NUMBER
LC control number 971892
020 ## - INTERNATIONAL STANDARD BOOK NUMBER
Terms of availability 00.00
International Standard Book Number 0860510670
035 ## - SYSTEM CONTROL NUMBER
System control number 971892
037 ## - SOURCE OF ACQUISITION
Source of stock number/acquisition Cen Lib/Ret
040 ## - CATALOGING SOURCE
Original cataloging agency DPL
Language of cataloging EN
082 ## - DEWEY DECIMAL CLASSIFICATION NUMBER
Classification number S
Item number COR
100 ## - MAIN ENTRY--PERSONAL NAME
Personal name Core, Alan
9 (RLIN) 28412
245 ## - TITLE STATEMENT
Title The punch book of short stories /
Statement of responsibility, etc by Alan Coren
260 ## - PUBLICATION, DISTRIBUTION, ETC. (IMPRINT)
Place of publication, distribution, etc Great Britain
Name of publisher, distributor, etc Robson books
Date of publication, distribution, etc 1979
270 ## - ADDRESS
City Great Britain
300 ## - PHYSICAL DESCRIPTION
Extent 192p.
Dimensions 21cm(Hb)
650 ## - SUBJECT ADDED ENTRY--TOPICAL TERM
Topical term or geographic name as entry element English literature
9 (RLIN) 28413
650 ## - SUBJECT ADDED ENTRY--TOPICAL TERM
Topical term or geographic name as entry element English short stories
9 (RLIN) 28414
942 ## - ADDED ENTRY ELEMENTS (KOHA)
Source of classification or shelving scheme Dewey Decimal Classification
Koha item type English Books
Classification part S
Call number suffix COR
Holdings
Withdrawn status Lost status Damaged status Not for loan Home library Current library Date acquired Source of acquisition Cost, normal purchase price Total Checkouts Full call number Barcode Date last seen Copy number Cost, replacement price Price effective from Koha item type Public note
Written off       Central Library Central Library 08/07/2015 Cen Lib/Ret 0.00   S COR 971892 08/07/2015 1 0.00 08/07/2015 English Books W/d List 8137/15; dtd 21/2/17

© Delhi Public Library
Hit Counter
free hit counter